Cuatro hojitas : libro de lectura para primer grado :

Guardado en:
Autor Principal: Poirier, María Elena
Otros Autores: Veneri, Laura Elba
Formato: Libro
Publicado: Buenos Aires : Estrada
Materias:
Etiquetas: Agregar Etiqueta
Sin Etiquetas, Sea el primero en etiquetar este registro!
LEADER 00748nam a22002415a 4500
001 CEM.cems012577
005 20070823185610.0
008 130507b######################000#0#####d
003 CEMS
020 |a 9500100231 
082 0 4 |a SG372.41 
100 1 |a Poirier, María Elena 
245 1 0 |a Cuatro hojitas :  |b libro de lectura para primer grado :  |c María Elena Poirier, Laura Elba Veneri 
260 |a Buenos Aires :  |b Estrada 
300 |a 44 p. 
653 |a Educación 
653 |a Educación primaria 
653 |a Biblioteca maría de los angeles saggio 
653 |a Lengua-1º egb 
653 |a Lectura-1º egb 
653 |a Lengua-actividades 
700 1 |a Veneri, Laura Elba 
859 |a CEMS  |b BIB. CEMS - 11 de abril  |h SG372.41  |i P755-1  |p 23756.07  |t Ej.1